Going for "green" (Record no. 112508)

MARC details
000 -LEADER
fixed length control field 01175cad a22001935a 4500
001 - CONTROL NUMBER
control field L153419
008 - FIXED-LENGTH DATA ELEMENTS--GENERAL INFORMATION
fixed length control field 110722s2011 xxk f 000 0 eng d
035 ## - SYSTEM CONTROL NUMBER
System control number (Sirsi) u153419
041 0# - LANGUAGE CODE
Language code of text/sound track or separate title eng
110 2# - MAIN ENTRY--CORPORATE NAME
Corporate name or jurisdiction name as entry element Royal Institution of Chartered Surveyors
9 (RLIN) 4900
245 00 - TITLE STATEMENT
Title Going for "green"
Remainder of title sustainable building certification statistics Europe
Medium [electronic resource]
260 ## - PUBLICATION, DISTRIBUTION, ETC.
Place of publication, distribution, etc. Coventry
Name of publisher, distributor, etc. RICS
Date of publication, distribution, etc. 2011
520 ## - SUMMARY, ETC.
Summary, etc. Aim of the survey and subsequent publication launched in Germany in May 2011 was to provide market participants with an objective overview of the state-of-play in the growing market for sustainability certificates. This adapted English language version is designed to make the survey findings available to a wider European RICS membership base. Given the fast-paced nature of this market segment, the group plans to carry out regular updates which will help to monitor future market developments.
590 ## - LOCAL NOTE (RLIN)
Local note KA
651 #4 - SUBJECT ADDED ENTRY--GEOGRAPHIC NAME
Geographic name Europe
690 ## - LOCAL SUBJECT ADDED ENTRY--TOPICAL TERM (OCLC, RLIN)
Topical term or geographic name as entry element BUILT ENVIRONMENT-SUSTAINABLE CONSTRUCTION
856 40 - ELECTRONIC LOCATION AND ACCESS
Uniform Resource Identifier <a href="https://www.buildingreen.net/assets/cms/File/NEW/Sustainable%20rating-2011(1).pdf">https://www.buildingreen.net/assets/cms/File/NEW/Sustainable%20rating-2011(1).pdf</a>
Public note View the item free of charge at www.rics.org.
942 ## - ADDED ENTRY ELEMENTS (KOHA)
Suppress in OPAC 0
Holdings
Withdrawn status Lost status Source of classification or shelving scheme Damaged status Not for loan Home library Current library Shelving location Date acquired Total Checkouts Full call number Barcode Date last seen Copy number Price effective from Koha item type
    Dewey Decimal Classification     Virtual Virtual Online 22/07/2011   ONLINE PUBLICATION 153419-2001 06/08/2019 1 06/08/2019 Book